000
00305pam a2200133a 44500
008
230405s2017 xxu||||| |||| 00| 0 eng d
041
_a
ENG
100
_a
C.C.CHATTERJEE
245
_a
HUMAN PHYSIOLOGY VOL-I
250
_a
11
260
_a
_b
CBS PUBLISHERS DELHI
_c
2017
300
_a
704
906
_a
5089
999
_c
280360
_d
280360